000 00683nam a22002055i 4500
001 161577
003 ES-MaACL
005 20230906212321.0
008 041021s1873 gw |||| | eng d
040 _aCAM
_bspa
_cCAM
100 1 _aPayn, James.
_9130917
245 1 0 _aMurphy's master /
_cby the author of "Found dead".
260 _aLeipzig :
_bBernhard Tauchnitz,
_c1873.
300 _a286 p. ;
_c16 cm.
490 1 _aCollection of british authors ;
_v1312
594 _aEl autor de "Found dead" es James Payn.
830 0 _aCollection of british authors ;
_v1312
_9180703
852 _aES-MaACL
_jG-13082
_z-- Enc. hol. conservando la cub. original
999 _c161577
_d161577